LEADER 01467nlm0 2200325 450 001 000038679 005 20260312165559.0 010 $a978-88-470-1575-3$beBook-PDF 100 $a20260312d2010----km-y0itay50------ba 101 0 $aita 102 $aIT 105 $a--------001cy 106 $as 135 $adoug----uuuuu 200 1 $aTraining computerizzato di coordinazione visuo-motoria TCCVM$brisorsa elettronica$estrumento per la riabilitazione di gravi disturbi della coordinazione occhio-mano in età evolutiva$fLaura Piccardi ... [et al.] 210 $aMilano$cSpringer$d2010 215 $a1 testo elettronico (IX, 25 p.) 225 2 $aMetodologie Riabilitative in Logopedia$v19 230 $aTesto elettronico 410 0$12001$aMetodologie riabilitative in logopedia$v19 500 10$aTraining computerizzato di coordinazione visuo-motoria TCCVM$92435360 610 1 $aMedicina riabilitativa$aImpiego dei microelaboratori elettronici 676 $a618.928043$v23$9PEDIATRIA. Malattie del sistema nervoso e disturbi mentali. Riabilitazione 700 1$aPiccardi,$bLaura$4070$0721848 801 0$aIT$bUNIPARTHENOPE$c20260312$gREICAT$2UNIMARC 856 4 $aData ultima consultazione: 12-03-2026$uhttps://doi.org/10.1007/978-88-470-1575-3$zFull text per gli utenti Uniparthenope 912 $a000038679 951 $aEBOOK$b48199$cNAVA1$d2026 996 $aTraining computerizzato di coordinazione visuo-motoria TCCVM$92435360 997 $aUNIPARTHENOPE